000 00594nam a22001817a 4500
003 0
005 20240918105345.0
008 240918b xxu||||| |||| 00| 0 eng d
020 _a978-1-03-205519-0
050 _aNC 460.5
_b.Av94 2023
100 _aAvgitidou, Angeliki
245 _aPerformance art
_beducation and practice
_cAngeliki Avgitidou
260 _aNew York
_bRoutledge
_cc2023.
300 _aviii, 228 pages :
_bcolored illustrations and pictures ;
_c23cm.
504 _aIncludes bibliographical references, index, and glossary.
650 _aPerformance art.
942 _2lcc
_cBK
999 _c366242
_d366242